000 00755cam a2200193 4500
001 J100534
008 000000n1998 000 0 eng u
035 _a(Sirsi) u100206
041 _aENG
050 _a692.8
110 _aJoint Contracts Tribunal
_93664
245 _aIntermediate form of building contract 1998 edition. Sectional completion supplement and guidance notes. Modifications to the intermediate form for use where the works are to be completed by sections.
260 _aLondon
_bRIBA Publications
_c1998
300 _a15p. ; 30cm.
650 _aJCT STANDARD FORM OF BUILDING CONTRACT 1998
650 _aJCT INTERMEDIATE FORM OF BUILDING CONTRACT FOR WORKS OF SIMPLE CONTENT (1998 EDITION)
690 _aContracts
_96232
942 _n0
999 _c99648
_d99648